000
00334nam a22001457a 4500
008
221114b ||||| |||| 00| 0 eng d
020
_a
9781305109391
041
_a
eng
080
_2
SIXTH EDITION
_a
159.9
082
_a
159.9
100
_a
25
101
_a
PSI
245
_a
BEHAVIOR MODIFICATION
_c
MILTENBERGER R
942
_2
udc
_c
BK
999
_c
58889
_d
58889